01047naa#a2200181#i#4500001001600000005001700016011001400033100004100047102000700088200040400095210011900499215001000618608004500628675005400673700006200727700005200789856002400841RU\\bibl\12156020260514210621.4##a2414-3995##a20251022b2025####ek#y0rusy0150####ca##aRU1#aОтдельные аспекты цифрового администрирования системы информационного взаимодействия при противодействии преступлениям, совершаемым с использованием информационно-коммуникационных технологийeЖурнальная статья1#aМоскваcМосковский университет МВД России имени В.Я. Кикотяd2025##a7 с.##aЖурнальная статья2local##aПраво. Юридические науки. 34#1aМихайленкоgНаталья Васильевна#1aМинаковgСергей Сергеевич4#amosumvd.editorum.ru